000 01026nas a2200325 4500
001 BR2010000222
003 BR-BrBNA
005 20231205114033.0
007 ta
008 230509b bl.|||p| |||| 00| 00por d
040 _aBR-BrBNA
_bpor
_cBiblioteca Nacional de Agricultura
041 _a(Pt)
072 _aL02
100 1 _aTeixeira, E.N.M.
100 1 _aSilva, J.H.V. da
100 1 _aCosta, F.G.P.
100 1 _aMartins, T.D.D.
100 1 _aGivisiez, P.E.N.
100 1 _aFurtado, D.A.
245 1 _aEfeito do tempo de jejum pós-eclosão, valores energéticos e inclusão do ovo desidratado em dietas pré-iniciais e iniciais de pintos de corte
650 _aPINTO DE CORTE
650 _aVALOR NUTRITIVO
650 _aOVO
650 _aRAÇÃO
650 _aALIMENTO ALTERNATIVO
650 _aPERFORMANCE
773 0 _tRevista Brasileira de Zootecnia (Brazil)
_xISSN 1516-3598
_g(Feb 2009), v. 38(2) p. 314-322
_wBR2010000222
909 _a202311
_bLúcia
_c55
_dLúcia Elande
942 _2AGRIS
_n0
_cANA
999 _c206823
_d206823